| 000 | 00977nam a22002297a 4500 | ||
|---|---|---|---|
| 005 | 20251105165847.0 | ||
| 008 | 251105b |||||||| |||| 00| 0 eng d | ||
| 020 | _a9655551350 | ||
| 040 | _absop | ||
| 100 | _aTsukahira, Peter | ||
| 245 |
_aGod's tsunami : _bunderstanding Israel and end-time prophecy / _cPeter Tsukahira |
||
| 264 |
_as.l : _bs.n, _cc2003. |
||
| 300 |
_a18 unnumbered pages, 216 pages ; _c23 cm |
||
| 336 | _atext | ||
| 337 | _aunmediated | ||
| 338 | _avolume | ||
| 505 | 0 | _aIntroduction--1: God is Shaking the Earth--2: God's Choice--3: The Holocaust--4: Israel's Relationship to the Church--5: Spiritual Roadblocks Removed--6: The Identity and Destiny of Islam--7: Tsunami!--8: Prophetic "Mountains"--9: Israel's Irrevocable Calling--10: Birth Pangs of the End-Times--11: Restoration and Revival--12: The "Finish Line" | |
| 650 | _aEnd of the world Biblical teaching | ||
| 650 | _aEnd of the world | ||
| 650 | _aEschatology | ||
| 942 |
_2lcc _cBK |
||
| 999 |
_c54716 _d54716 |
||